000 00466nam a2200181Ia 4500
005 20240921120751.0
008 240921s9999||||xx |||||||||||||| ||und||
041 _aENGLISH
082 _A658.1 J1
100 _aBatliboi,Jamshed R
245 0 _aWorks Organisation,management and Cost Control
250 _a1st
260 _c1951
_bV V B,Bombay
500 _aIndustrial Psycology
650 _aorganization
_bManagement Studies
942 _cBK
999 _c247504
_d247504